Datum a čas kvízu
21.5
Celkem bodů
Celkový počet nahraných bodů na tomto kvízu bez doplňovacích otázek.
11.
Pořadí na kvízu
Konečné umístění týmu na tomto kvízu.
Zaznamenané odpovědi
| # | Otázka | Odpověď | Body | Výsledky |
|---|---|---|---|---|
| 1. | Komu přišlo hodně troufalé, že... | 1 | ||
| 2. | Ruští vyšetřovatelé začali vyš... | 0 | ||
| 3. | Někteří rockoví dinosauři žijí... | 0 | ||
| 4. | Rodící se největší pojišťovna... | 0.5 | ||
| 5. | Hřiště ve Wembley bylo při pon... | 1 | ||
| 6. | Pokud jste na titulní otázku o... | 0 | ||
| 7. | Herci Tobinu Bellovi přinesla... | 1 | ||
| 5. | Jak se jmenuje představitel hl... | 1 | ||
| 5. | Film Osvícení vznikl v roce 19... | 0 | ||
| 10. | Shaun je hospodský povaleč, co... | 1 |